Sports Quiz

Random Sports or NBA Quiz

Best NBA Player by Jersey Number Quiz Stats

 Plays Quiz not verified by Sporcle

Challenge
Share
Tweet
Embed
Score 0/31 Timer 05:00
0 Plays Today
Jersey Number Player % Correct
0Russell Westbrook
92.7%
1Derrick Rose
78.2%
6LeBron James
77.8%
3Dwyane Wade
73.9%
30Stephen Curry
69.6%
7Carmelo Anthony
59.5%
24Kobe Bryant
56.9%
12Dwight Howard
49.3%
5Kevin Garnett
47.6%
9Rajon Rondo
45%
16Pau Gasol
40.7%
13Steve Nash
40.1%
21Tim Duncan
38.2%
20Ray Allen
37.3%
8Deron Williams
36.2%
2Joe Johnson
35.7%
Jersey Number Player % Correct
15Al Horford
34.3%
11Brook Lopez
29.8%
10Eric Gordon
24.9%
17Andrew Bynum
24.2%
22Rudy Gay
23.6%
14Jameer Nelson
20.7%
00Spencer Hawes
19.9%
26Kyle Korver
19.8%
25Al Jefferson
15.6%
23Jason Richardson
14.4%
4Chauncey Billups
14.3%
18Anthony Parker
12.7%
19Beno Udrih
5.3%
27Jordan Hill
5%
28D.J. Mbenga
2.6%

You're not logged in!

Compare scores with friends on all Sporcle quizzes.
Join for Free
OR
Log In

You Might Also Like...

Show Comments

Extras

Top Quizzes Today


Score Distribution

Your Account Isn't Verified!

In order to create a playlist on Sporcle, you need to verify the email address you used during registration. Go to your Sporcle Settings to finish the process.

Report this User

Report this user for behavior that violates our Community Guidelines.

Details: